SCH - Rooftop - Statistiques

Statistiques générales
  • Ce quiz a été pris 15 fois
  • Le résultat moyen est 10 sur 17
Statistiques - réponses
Numero Titre % Correct
16 Baden baden
85%
11 Ciment
85%
8 Interlude
85%
6 R.A.C
85%
12 Super Silver Haze
77%
1 Cervelle
69%
3 Mayday
69%
17 Ah gars
62%
2 All Eyes On Me
62%
10 Ca ira
54%
14 Every Day
54%
4 Petit coeur
54%
5 Tant pis
46%
13 Tirer un trait
46%
15 Frime
38%
7 Paye
38%
9 Solitude
38%
Aucun quiz correspondant
Distribution des résultats
% des personnes avec chaque résultat
Percentile par nombre de réponses
Votre historique - résultats
Vous n’avez pas pris ce quiz